000 00636nam a2200181Ia 4500
008 090630s9999 xx 000 0 und d
082 _b13868
100 _aराजपूत रघुवीरसिंह.
245 _aद्वंद्व.
_cराजपूत रघुवीरसिंह.
260 _bलोकसाहित्य.
_c1995
300 _a206
600 _aराजपूत रघुवीरसिंह.
630 _aद्वंद्व.
655 _aकादंबरी.
700 _aराजपूत रघुवीरसिंह.
730 _aद्वंद्व.
942 _cBOOK
999 _c265724
_d265724